000 00472nam a2200193Ia 4500
005 20250423101110.0
008 250422s9999 xx 000 0 und d
020 _a9781292026183
050 _aT 353 .T28/
100 _aGiesecke, Frederick E.
245 0 _aTechnical drawing with engineering graphics
250 _a14th ed.
260 _aUnited States
260 _bPearson
260 _c2014
300 _a840 p
650 _aMechanical drawing.
942 _cBK
999 _c35283
_d35283